| 000 | 00487nam a2200193 4500 | ||
|---|---|---|---|
| 999 |
_c3732 _d3732 |
||
| 003 | OSt | ||
| 005 | 20191022151253.0 | ||
| 008 | 160425b xxu||||| |||| 00| 0 eng d | ||
| 020 | _a0486606422 | ||
| 040 | _c040a | ||
| 082 |
_a535 _bJOH 1969 |
||
| 100 |
_aJohnson B K _98241 |
||
| 245 | _aOptics and Optical Instruments | ||
| 260 |
_aNew York _bDover Publication _c1960 |
||
| 300 |
_aviii,224p; _bill : _c10 cm |
||
| 504 | _aIncludes index | ||
| 650 |
_aOptics _9780 |
||
| 942 |
_2ddc _cSLOAN |
||